| 000 | 00856nas a2200277 4500 | ||
|---|---|---|---|
| 001 | BR2016002325 | ||
| 003 | BR-BrBNA | ||
| 005 | 20231205130402.0 | ||
| 007 | ta | ||
| 008 | 230509b bl.|||p| |||| 00| 00por d | ||
| 040 |
_aBR-BrBNA _bpor _cBiblioteca Nacional de Agricultura |
||
| 041 | _a(En) | ||
| 072 | _aH60; F60 | ||
| 100 | 1 | _aMartins, D.A. | |
| 100 | 1 | _aJakelaitis, A. | |
| 100 | 1 | _aCardoso, I.S. | |
| 100 | 1 | _aCosta, A.C. | |
| 100 | 1 | _aSales, J. de F. | |
| 245 | 1 | _aGrowth and physiological characteristics of the weed false johnsongrass (Sorghum arundinaceum (Desv.)Stapf) | |
| 650 | _aERVA DANINHA | ||
| 650 | _aCRESCIMENTO | ||
| 650 | _aFISIOLOGIA VEGETAL | ||
| 773 | 0 |
_tRevista Ceres (Brazil) _xISSN 0034-737X _g(Jan-Feb 2016), v. 63(1) p. 16-24 _wBR2016002325 |
|
| 909 |
_a202311 _bLúcia _c55 _dLúcia Elande |
||
| 942 |
_2AGRIS _n0 _cANA |
||
| 999 |
_c249169 _d249169 |
||